logo

Bir Sreshtho Munshi Abdur Rouf Library
Jhenaidah Cadet College

My share of the task : (Record no. 12679)

MARC details
000 -LEADER
fixed length control field 00974cam a2200301 a 4500
001 - CONTROL NUMBER
control field 17581
003 - CONTROL NUMBER IDENTIFIER
control field BD-JhCC
005 - DATE AND TIME OF LATEST TRANSACTION
control field 20230323125847.0
008 - FIXED-LENGTH DATA ELEMENTS--GENERAL INFORMATION
fixed length control field 120717s2013 nyuaf b 001 0aeng
010 ## - LIBRARY OF CONGRESS CONTROL NUMBER
LC control number 2012027306
020 ## - INTERNATIONAL STANDARD BOOK NUMBER
International Standard Book Number 9781591844754 (hbk.)
040 ## - CATALOGING SOURCE
Original cataloging agency DLC
Transcribing agency DLC
Modifying agency DLC
-- BD-JhCC
042 ## - AUTHENTICATION CODE
Authentication code pcc
043 ## - GEOGRAPHIC AREA CODE
Geographic area code n-us---
-- a-af---
050 00 - LIBRARY OF CONGRESS CALL NUMBER
Classification number E897.4.M38
Item number A3 2013
082 00 - DEWEY DECIMAL CLASSIFICATION NUMBER
Classification number 355.0092
-- B
Edition number 23
Item number MCM 2013
100 1# - MAIN ENTRY--PERSONAL NAME
Personal name McChrystal, Stanley A.
245 10 - TITLE STATEMENT
Title My share of the task :
Remainder of title a memoir /
Statement of responsibility, etc. Stanley McChrystal.
260 ## - PUBLICATION, DISTRIBUTION, ETC.
Place of publication, distribution, etc. New York :
Name of publisher, distributor, etc. Portfolio/Penguin,
Date of publication, distribution, etc. 2013.
300 ## - PHYSICAL DESCRIPTION
Extent xi, 456 p., [16] p. of plates :
Other physical details ill. ;
Dimensions 24 cm
504 ## - BIBLIOGRAPHY, ETC. NOTE
Bibliography, etc. note Includes bibliographical references (p. 399-439) and index.
600 10 - SUBJECT ADDED ENTRY--PERSONAL NAME
Personal name McChrystal, Stanley A.
600 10 - SUBJECT ADDED ENTRY--PERSONAL NAME
Personal name McChrystal, Stanley A.
General subdivision Military leadership.
610 10 - SUBJECT ADDED ENTRY--CORPORATE NAME
Corporate name or jurisdiction name as entry element United States.
Subordinate unit Army
Form subdivision Biography.
650 #0 - SUBJECT ADDED ENTRY--TOPICAL TERM
Topical term or geographic name entry element Generals
Geographic subdivision United States
Form subdivision Biography.
650 #0 - SUBJECT ADDED ENTRY--TOPICAL TERM
Topical term or geographic name entry element Afghan War, 2001-
942 ## - ADDED ENTRY ELEMENTS (KOHA)
Source of classification or shelving scheme Dewey Decimal Classification
Koha item type Books
Holdings
Withdrawn status Lost status Source of classification or shelving scheme Damaged status Not for loan Home library Current library Shelving location Date acquired Total Checkouts Full call number Barcode Date last seen Date last checked out Copy number Price effective from Koha item type
    Dewey Decimal Classification     JCC Rouf Library JCC Rouf Library General Stacks 03/23/2023 2 355.0092 B MCM 2013 17581 07/30/2025 07/09/2025 C-1 03/23/2023 Books

JCC Library | Contacts | JCC Home

Last Update on 23 September 2017
Copyright @ 2017-2020 JCC Rouf Library
Rouf Library, Jhenidah Cadet College (JCC), Bangladesh